00345nam a2200133 a 45000010010000000030011000100080041000210350026000620820016000881000017001042450028001212600043001496500019001920000-9339ELIB.Books110520 1993  a(ELIB.Books)0000-9491 a248.8 bSen aSenter, Ruth aWhen You're on Your Own bGrand Rapids: Campus Life Books c1993 aChristian Life